000 00563nam a2200217Ia 4500
003 0100
008 130307s9999 xx 000 0 und d
020 _a0872203123
040 _cARRUPELIB
050 _aB171.R39 1995
245 _aReadings in ancient Greek philosophy
245 _bfrom Thales to Aristotle
260 _aIndianapolis
260 _bHackett Publishing Company
260 _c1995
300 _axiii
300 _b786p. 24cm.
650 _aPHILOSOPHY
700 _aCohen, S. Marc, Curd, Patricia and Reeve, C. D. C. (ed.)
942 0 0 _010
999 _c93164
_d93164